[Event "9th Essent op"]
[Site "Hoogeveen NED"]
[Date "2005.10.21"]
[Round "1.30"]
[White "Grooten, Herman"]
[Black "Hendriks, Peter"]
[Result "1-0"]
[WhiteElo "2350"]
[BlackElo "2121"]
[EventDate "2005.10.21"]
[PlyCount "81"]

1.d4 d5 2.c4 e6 3.Nc3 c6 4.e3 Bd6 5.Nf3 f5 6.g3 Nf6 7.Bg2 Qe7 8.O-O O-O 9.
b3 Ne4 10.Bb2 Bd7 11.Ne2 Be8 12.Ne5 Nd7 13.f3 Nef6 14.Nf4 g5 15.Nfd3 g4 
16.fxg4 Bxe5 17.dxe5 Nxg4 18.Qe2 Qg5 19.Rf4 Rf7 20.Bf3 h5 21.h3 Nh6 22.Kf2
Rg7 23.Rg1 Nf8 24.Rh4 dxc4 25.bxc4 Rd8 26.Nf4 Qe7 27.Bxh5 Qb4 28.Bd4 c5 
29.Nd3 Qxc4 30.Nxc5 Qxe2+ 31.Bxe2 Nf7 32.Bc4 Ng5 33.Rh6 Re7 34.Ke2 b6 35.
Nd3 Kg7 36.Rf6 Nfh7 37.h4 Bh5+ 38.g4 Rxd4 39.exd4 Bxg4+ 40.Rxg4 fxg4 41.
hxg5 1-0

[Event "9th Essent op"]
[Site "Hoogeveen NED"]
[Date "2005.10.22"]
[Round "2.34"]
[White "Hendriks, Peter"]
[Black "Meijer, Dolf"]
[Result "0-1"]
[WhiteElo "2121"]
[BlackElo "2226"]
[EventDate "2005.10.21"]
[PlyCount "96"]

1.e4 d5 2.exd5 Nf6 3.d4 Bg4 4.f3 Bf5 5.Bb5+ Nbd7 6.c4 e6 7.dxe6 Bxe6 8.Nc3
c6 9.d5 Bxd5 10.cxd5 cxb5 11.Nxb5 Qa5+ 12.Nc3 Bb4 13.Qe2+ Kd8 14.Qc2 Re8+ 
15.Ne2 Bxc3+ 16.bxc3 Rc8 17.O-O Nxd5 18.Ng3 g6 19.Bd2 Nxc3 20.Qd3 Qd5 21.
Qxd5 Nxd5 22.Rfd1 Ne3 23.Rdc1 Nc4 24.Bc3 f5 25.Rab1 Rc7 26.Bd4 b6 27.Rb4 
Na5 28.Rd1 Kc8 29.Bf2 Ne5 30.Nf1 Nec4 31.Bg3 Rd7 32.Rc1 Re2 33.Rbxc4+ Nxc4
34.Rxc4+ Kb7 35.a4 Rde7 36.h4 Ra2 37.h5 Ree2 38.Rc7+ Ka6 39.Rxh7 Rxg2+ 40.
Kh1 gxh5 41.Rxh5 f4 42.Bxf4 Rgf2 43.Kg1 Rxf3 44.Rh2 Ra1 45.Rf2 Rfa3 46.Be5
R1a2 47.a5 Rxa5 48.Rf8 Rxe5 0-1

[Event "9th Essent op"]
[Site "Hoogeveen NED"]
[Date "2005.10.24"]
[Round "4.15"]
[White "Van Veen, Oscar"]
[Black "Willemze, Thomas"]
[Result "0-1"]
[WhiteElo "2216"]
[BlackElo "2363"]
[EventDate "2005.10.21"]
[PlyCount "80"]

1.e4 c6 2.Nc3 d5 3.Nf3 Bg4 4.h3 Bh5 5.exd5 cxd5 6.g4 Bg6 7.Bb5+ Nc6 8.h4 
f6 9.Nd4 Qd6 10.Qe2 e5 11.h5 Bf7 12.Nf5 Qc7 13.d3 Ne7 14.Bd2 O-O-O 15.Bxc6
Qxc6 16.Ng3 d4 17.Nce4 Kb8 18.O-O Nd5 19.c4 dxc3 20.bxc3 Ba3 21.Rab1 Rhe8 
22.Qf3 Nb6 23.h6 Rg8 24.Nf5 g6 25.Nfg3 Be7 26.c4 Be6 27.Bb4 Bxb4 28.Rxb4 
f5 29.Ng5 Qxf3 30.Nxf3 Rxd3 31.Nxe5 Rd4 32.Re1 Rgd8 33.Rbb1 Bxc4 34.gxf5 
gxf5 35.Nxf5 Rg8+ 36.Kh2 Rf4 37.Ng7 Rh4+ 38.Kg3 Rxh6 39.Rxb6 Rxg7+ 40.Kf4 
axb6 0-1

[Event "9th Essent op"]
[Site "Hoogeveen NED"]
[Date "2005.10.24"]
[Round "4.28"]
[White "Jens, Jelmer"]
[Black "Galje, Hans"]
[Result "1-0"]
[WhiteElo "2366"]
[BlackElo "2135"]
[EventDate "2005.10.21"]
[PlyCount "55"]

1.e4 e6 2.d4 d5 3.Nd2 Nf6 4.e5 Nfd7 5.c3 c5 6.Bd3 Nc6 7.Ne2 cxd4 8.cxd4 f6
9.exf6 Nxf6 10.Nf3 Bd6 11.O-O Qc7 12.Bg5 O-O 13.Rc1 h6 14.Bd2 Ne4 15.Be3 
Bd7 16.Bxe4 dxe4 17.Ne5 Rad8 18.Nxd7 Rxd7 19.Qb3 Bxh2+ 20.Kh1 Bd6 21.Qxe6+
Rff7 22.d5 Re7 23.Qh3 g6 24.dxc6 Rf5 25.cxb7 Qxb7 26.Ng3 Ree5 27.Nxf5 Rxf5
28.Kg1 1-0

[Event "9th Essent op"]
[Site "Hoogeveen NED"]
[Date "2005.10.26"]
[Round "6.5"]
[White "Rogers, Ian"]
[Black "Naumkin, Igor"]
[Result "1/2-1/2"]
[WhiteElo "2556"]
[BlackElo "2445"]
[EventDate "2005.10.21"]
[PlyCount "50"]

1.e4 e5 2.Bc4 Nf6 3.d3 Nc6 4.Nc3 Bb4 5.Ne2 d5 6.exd5 Nxd5 7.O-O Bxc3 8.
Nxc3 Nxc3 9.bxc3 O-O 10.f4 exf4 11.Bxf4 Na5 12.Bb3 Nxb3 13.axb3 Be6 14.Qf3
c6 15.Qg3 f6 16.c4 Bf7 17.Bc7 Qd4+ 18.Qf2 Qd7 19.Bg3 a6 20.Rfe1 Rae8 21.
Qa7 h5 22.h3 Ra8 23.Qc5 Rae8 24.Qa7 Ra8 25.Qc5 Rae8 1/2-1/2

[Event "9th Essent op"]
[Site "Hoogeveen NED"]
[Date "2005.10.27"]
[Round "7.15"]
[White "Brandenburg, Daan"]
[Black "Habu, Yoshiharu"]
[Result "1/2-1/2"]
[WhiteElo "2395"]
[BlackElo "2341"]
[EventDate "2005.10.21"]
[PlyCount "49"]

1.e4 e6 2.d4 d5 3.Nd2 c5 4.exd5 exd5 5.Ngf3 Nc6 6.Bb5 Bd6 7.Qe2+ Ne7 8.
dxc5 Bxc5 9.Nb3 Bd6 10.O-O O-O 11.h3 h6 12.c3 Re8 13.Re1 Bd7 14.Qd1 Qc7 
15.Nbd4 Ng6 16.Be3 Bf4 17.Qd2 Bxe3 18.Rxe3 Rxe3 19.Qxe3 Re8 20.Qd2 Nf4 21.
Bf1 Nxd4 22.Qxd4 b6 23.Re1 Rxe1 24.Nxe1 Bc6 25.Qe3 1/2-1/2

[Event "9th Essent op"]
[Site "Hoogeveen NED"]
[Date "2005.10.28"]
[Round "8.7"]
[White "Wells, Peter K"]
[Black "Naumkin, Igor"]
[Result "1/2-1/2"]
[WhiteElo "2513"]
[BlackElo "2445"]
[EventDate "2005.10.21"]
[PlyCount "114"]

1.d4 e6 2.c4 f5 3.g3 Nf6 4.Bg2 Bb4+ 5.Nd2 O-O 6.Nf3 d6 7.O-O Bxd2 8.Qxd2 
a5 9.b3 Qe8 10.Bb2 b5 11.Ng5 Ra7 12.e4 h6 13.e5 hxg5 14.exf6 gxf6 15.Rae1 
c6 16.f4 g4 17.Rf2 b4 18.Rfe2 Na6 19.d5 cxd5 20.Qxd5 Qd8 21.Rxe6 Bxe6 22.
Qxe6+ Raf7 23.Qxf5 Qb6+ 24.Kf1 Nc7 25.Qxg4+ Rg7 26.Qf5 Qc5 27.Be4 Qxf5 28.
Bxf5 Kf7 29.Bd4 Rb8 30.g4 Rgg8 31.h4 Rge8 32.Rd1 Ne6 33.Be3 Ng7 34.Kf2 
Nxf5 35.gxf5 Rh8 36.Rxd6 Rxh4 37.Rd7+ Ke8 38.Rg7 Kf8 39.Rg6 Kf7 40.Kg3 Rh5
41.Kg4 Rh2 42.Kf3 Rxa2 43.Bd4 Ra3 44.Rxf6+ Ke8 45.Rh6 Rxb3+ 46.Ke4 Rd8 47.
c5 Rb1 48.Rh8+ Kd7 49.c6+ Kc8 50.Rxd8+ Kxd8 51.f6 Rc1 52.Kd5 b3 53.f7 Ke7 
54.Bc5+ Kxf7 55.c7 Rd1+ 56.Bd4 Rc1 57.Bc5 Rd1+ 1/2-1/2

[Event "9th Essent op"]
[Site "Hoogeveen NED"]
[Date "2005.10.29"]
[Round "9.21"]
[White "Vedder, Richard"]
[Black "Habu, Yoshiharu"]
[Result "0-1"]
[WhiteElo "2224"]
[BlackElo "2341"]
[EventDate "2005.10.21"]
[PlyCount "102"]

1.e4 e6 2.d4 d5 3.Nc3 Bb4 4.Ne2 dxe4 5.a3 Be7 6.Nxe4 Nf6 7.N2g3 O-O 8.Be2 
Nxe4 9.Nxe4 f5 10.Ng3 c5 11.dxc5 Qxd1+ 12.Bxd1 Bxc5 13.O-O Nc6 14.Re1 e5 
15.c3 Be6 16.Ba4 e4 17.b4 Bb6 18.Bxc6 bxc6 19.Be3 Bc4 20.a4 Bxe3 21.fxe3 
Rad8 22.Red1 Rd3 23.Rxd3 Bxd3 24.Ra2 g5 25.Rf2 f4 26.Ne2 c5 27.exf4 cxb4 
28.cxb4 e3 29.Rf3 Bxe2 30.Rxe3 Bc4 31.Rg3 Rxf4 32.Rxg5+ Kf7 33.g3 Rd4 34.
Rc5 Be6 35.a5 Rxb4 36.Rc7+ Kg6 37.Rxa7 Rb2 38.Ra6 Kf5 39.g4+ Ke5 40.Ra7 
Bxg4 41.Rxh7 Ra2 42.Rb7 Bf3 43.Rb3 Kf4 44.a6 Rxa6 45.Kf2 Ra2+ 46.Ke1 Re2+ 
47.Kf1 Rxh2 48.Rb8 Kg3 49.Ke1 Re2+ 50.Kf1 Re7 51.Rd8 Bg2+ 0-1